The IT Crowd - Statistics

General Stats
  • This quiz has been taken 313 times
  • The average score is 11 of 15
Answer Stats
Question Answer % Correct
Roy: "Have you tried turning it _ _ _ __" off and on again
96%
What do Moss and Roy trick Jen into thinking is held within a small black box? The Internet
96%
Who said, "I like being weird. Weird is all I've got. That and my sweet style"? Moss
94%
After attending "Gay: A Gay Musical", what does Roy end up pretending to be? Disabled
93%
Moss: "I came here to drink milk and kick ass. And I've just finished my __" milk
93%
For what type of emergency did Moss end up emailing Emergency Services? Fire
92%
Moss: "Well that's easy to remember. "0118 999 88199 9119 725 ... _" 3
87%
Jen: "I have it on good authority that if you type '__' into Google, you can break the Internet." google
85%
Who said that balloons "are filled with the capacity to give me a little fright, and I find that unbearable." Roy
85%
Where do they say the black box is kept because it gets the best reception there? Big Ben
69%
What type of candy does Moss eat as cereal in a bowl with milk? Smarties
68%
Moss: "They just toss us away like yesterday's __" jam
63%
Roy: "I'm sorry, are you from the __?" past
57%
Who do Roy and Moss say has personally demagnetised the black box? Stephen Hawking
47%
Roy: "We're all just __ to them." drudgeons
10%
No matching quizzes found
Score Distribution
Percent of People with Each Score
Percentile by Number Answered
Your Score History
You have not taken this quiz